000 00740nam a2200205Ia 4500
003 GCL
008 140319s9999 xx 000 0 ara d
040 _aGCL /
_cGCL
082 0 4 _a811.009
_bع ر
100 1 _aعبدالعزيز شرف
245 1 0 _aالرؤيا الابداعية فى شعر البياتى /
_cعبدالعزيز شرف
260 _aالقاهرة :
_bوزارة الاعلام ،
_c1972
300 _a208 ص ؛
_c24 سم
490 _aسلسلة الكتب المترجمة
_v44
650 0 4 _aالشعراء العرب
650 0 4 _aالشعر العربى - تاريخ ونقد
650 0 4 _aالشعر العربى - العصر الحديث
650 0 4 _aعبدالوهاب البياتى
942 _2ddc
_cBK
999 _c39853
_d39853